[Event "España ch Universitario 2007"]
[Site "Cartagena ESP"]
[Date "2007.05.09"]
[Round "6.1"]
[White "Ehsan, Ali"]
[Black "Gonzalez Somoza, Oliver"]
[Result "0-1"]
[WhiteElo "2223"]
[BlackElo "2309"]
[PlyCount "52"]
[EventDate "2007.05.06"]
[EventType "swiss"]
[EventRounds "9"]
[EventCountry "ESP"]
[Source "lmi"]
[SourceDate "2007.05.06"]

1. e4 c5 2. Nf3 e6 3. d4 cxd4 4. Nxd4 Nc6 5. Nc3 a6 6. Be2 Qc7 7. O-O Nf6 8.
Kh1 Bb4 9. Bf3 Ne5 10. Nce2 O-O 11. Bg5 Be7 12. Ng3 Nxf3 13. Qxf3 h6 14. Bd2 b5
15. e5 Bb7 16. Qe2 Nd5 17. f4 f6 18. Rae1 Qc4 19. Qxc4 bxc4 20. c3 fxe5 21.
fxe5 Rxf1+ 22. Rxf1 Rb8 23. b3 Bg5 24. Bxg5 hxg5 25. Ne4 Nf4 26. Re1 Nd3 0-1

[Event "España ch Universitario 2007"]
[Site "Cartagena ESP"]
[Date "2007.05.09"]
[Round "6.2"]
[White "Peña Gomez, Manuel"]
[Black "Trent, Lawrence"]
[Result "1/2-1/2"]
[WhiteElo "2331"]
[BlackElo "2453"]
[PlyCount "85"]
[EventDate "2007.05.06"]
[EventType "swiss"]
[EventRounds "9"]
[EventCountry "ESP"]
[Source "lmi"]
[SourceDate "2007.05.06"]

1. c4 Nf6 2. Nc3 g6 3. g3 Bg7 4. Bg2 O-O 5. d3 d6 6. e4 c5 7. Nge2 Nc6 8. O-O
Ne8 9. a3 Nc7 10. Rb1 a5 11. Nd5 Ne6 12. b4 cxb4 13. axb4 a4 14. Ba3 Ned4 15.
Nxd4 Bxd4 16. c5 dxc5 17. bxc5 Ra5 18. Kh1 Bxc5 19. Bxc5 Rxc5 20. Qxa4 e6 21.
Nf4 Qa5 22. Qxa5 Rxa5 23. Rfc1 Rd8 24. Rc3 Nd4 25. h4 Ra2 26. Rbc1 Bd7 27. Rc7
Bc6 28. Nh3 Nb5 29. R7xc6 bxc6 30. Rxc6 Rxd3 31. h5 Kg7 32. Rb6 Nd4 33. Rb7
gxh5 34. e5 h4 35. gxh4 Nf3 36. Bxf3 Rxf3 37. Kg2 Rf5 38. Kg3 Rxe5 39. Ng5 Rf5
40. Nxe6+ Kh6 41. Nf4 Ra4 42. Nh3 Kh5 43. f3 1/2-1/2

[Event "España ch Universitario 2007"]
[Site "Cartagena ESP"]
[Date "2007.05.09"]
[Round "6.3"]
[White "Andres Gonzalez, Ivan"]
[Black "Martinez Martin, David"]
[Result "0-1"]
[WhiteElo "2372"]
[BlackElo "2403"]
[PlyCount "104"]
[EventDate "2007.05.06"]
[EventType "swiss"]
[EventRounds "9"]
[EventCountry "ESP"]
[Source "lmi"]
[SourceDate "2007.05.06"]

1. e4 e6 2. d4 d5 3. Nc3 Nf6 4. Bg5 Bb4 5. exd5 Qxd5 6. Bxf6 gxf6 7. Nge2 Nc6
8. Qd2 Bxc3 9. Nxc3 Qxd4 10. Qxd4 Nxd4 11. O-O-O c5 12. Ne4 Ke7 13. Nxc5 Nf5
14. Bd3 Nd6 15. Rhe1 f5 16. Be2 b6 17. Bf3 Rb8 18. Nd3 Bb7 19. Bxb7 Rxb7 20.
Nf4 Ne4 21. f3 Nf6 22. Nd5+ Nxd5 23. Rxd5 Rg8 24. g3 Kf6 25. Rd4 h5 26. Red1
Re7 27. Kd2 e5 28. Rd6+ Re6 29. Ke3 h4 30. Kf2 hxg3+ 31. hxg3 Rh8 32. Kg2 Rc8
33. c3 Rxd6 34. Rxd6+ Ke7 35. Rd2 Ke6 36. Kf2 Rg8 37. c4 e4 38. g4 fxg4 39.
fxe4 Ke5 40. Rd7 f6 41. Kg3 Kxe4 42. Rxa7 Kf5 43. Rb7 Rd8 44. Rxb6 Kg5 45. c5
f5 46. Rd6 Re8 47. Kf2 f4 48. Rd2 g3+ 49. Kf3 Re3+ 50. Kg2 Kg4 51. Rd4 Re2+ 52.
Kg1 Kh3 0-1

[Event "España ch Universitario 2007"]
[Site "Cartagena ESP"]
[Date "2007.05.09"]
[Round "6.4"]
[White "Llaneza Vega, Marcos"]
[Black "Pons Carreras, David"]
[Result "1-0"]
[WhiteElo "2455"]
[BlackElo "2240"]
[PlyCount "105"]
[EventDate "2007.05.06"]
[EventType "swiss"]
[EventRounds "9"]
[EventCountry "ESP"]
[Source "lmi"]
[SourceDate "2007.05.06"]

1. e4 e6 2. Nf3 c5 3. d4 cxd4 4. Nxd4 a6 5. c4 Nf6 6. Nc3 Qc7 7. a3 b6 8. Be3
Bb7 9. f3 Nc6 10. Nxc6 dxc6 11. Be2 Rd8 12. Qb3 c5 13. a4 Bd6 14. a5 bxa5 15.
Qa4+ Nd7 16. g3 h5 17. Qxa5 Qb8 18. f4 Bc7 19. Qa4 Qa8 20. Bf3 O-O 21. O-O Rfe8
22. Bxh5 Nf6 23. Bf3 Nxe4 24. Nxe4 Bxe4 25. Bxe4 Qxe4 26. Bxc5 Kh7 27. Rfe1 Qb7
28. Re2 a5 29. Rf1 Bb6 30. Qc2+ g6 31. Bxb6 Qxb6+ 32. c5 Qc6 33. Re5 Rd5 34.
Rxd5 exd5 35. f5 Re4 36. fxg6+ fxg6 37. Rf7+ Kg8 38. Qf2 Qe6 39. Rf6 Qe8 40. c6
Re1+ 41. Kg2 Re2 42. Rf8+ Qxf8 43. Qxe2 Qc5 44. Qe8+ Kg7 45. Qd7+ Kh6 46. c7
Qc2+ 47. Kh3 Qe2 48. Qxd5 Qf1+ 49. Kg4 Qe2+ 50. Kf4 Qf2+ 51. Ke5 Qe3+ 52. Kd6
Qb6+ 53. Kd7 1-0

[Event "España ch Universitario 2007"]
[Site "Cartagena ESP"]
[Date "2007.05.09"]
[Round "6.5"]
[White "Reinaldo Castineira, Roi"]
[Black "Jimenez Martinez, Jose Vicente"]
[Result "1-0"]
[WhiteElo "2452"]
[BlackElo "2202"]
[PlyCount "87"]
[EventDate "2007.05.06"]
[EventType "swiss"]
[EventRounds "9"]
[EventCountry "ESP"]
[Source "lmi"]
[SourceDate "2007.05.06"]

1. e4 d6 2. Nc3 g6 3. d4 Bg7 4. g3 Nf6 5. Bg2 O-O 6. Nge2 c6 7. a4 a5 8. O-O e5
9. h3 Qc7 10. Be3 b6 11. Qd2 Re8 12. Rad1 Ba6 13. f4 exd4 14. Bxd4 Nbd7 15.
Rfe1 Rad8 16. g4 Nc5 17. Ng3 b5 18. axb5 Bxb5 19. Qf2 Nfd7 20. Bxg7 Kxg7 21.
Qd4+ Kg8 22. Qxd6 Qxd6 23. Rxd6 Nf8 24. Red1 Rb8 25. b3 a4 26. bxa4 Nxa4 27.
Nxb5 cxb5 28. e5 Ne6 29. Ne4 Kg7 30. Nf6 Red8 31. Rxd8 Rxd8 32. Rxd8 Nxd8 33.
Kf2 Ne6 34. Ke3 Nb2 35. Bf1 b4 36. Be2 Na4 37. Nd5 Nc3 38. Nxc3 bxc3 39. Bc4
Nd8 40. Bd5 f6 41. g5 fxg5 42. fxg5 Kf8 43. Kd4 Nf7 44. Bxf7 1-0

[Event "España ch Universitario 2007"]
[Site "Cartagena ESP"]
[Date "2007.05.09"]
[Round "6.6"]
[White "Paredes Sanchez, Juan"]
[Black "Alsina Leal, Daniel"]
[Result "0-1"]
[WhiteElo "2215"]
[BlackElo "2428"]
[PlyCount "58"]
[EventDate "2007.05.06"]
[EventType "swiss"]
[EventRounds "9"]
[EventCountry "ESP"]
[Source "lmi"]
[SourceDate "2007.05.06"]

1. e4 c5 2. Nf3 d6 3. d4 Nf6 4. Nc3 cxd4 5. Nxd4 a6 6. Be3 e5 7. Nb3 Be6 8. f3
Be7 9. Qd2 O-O 10. O-O-O Nbd7 11. g4 b5 12. g5 b4 13. Ne2 Ne8 14. f4 a5 15. f5
a4 16. Nbd4 exd4 17. Nxd4 b3 18. Kb1 bxc2+ 19. Nxc2 Bb3 20. axb3 axb3 21. Na3
Ne5 22. Qg2 Kh8 23. h4 Ra5 24. h5 Qa8 25. g6 h6 26. Rg1 Bf6 27. Rd5 Nc6 28. Rd3
Rxa3 29. bxa3 Qxa3 0-1

[Event "España ch Universitario 2007"]
[Site "Cartagena ESP"]
[Date "2007.05.09"]
[Round "6.7"]
[White "Almagro Llamas, Pablo"]
[Black "Prol Nogueira, Iago"]
[Result "1-0"]
[WhiteElo "2394"]
[BlackElo "2183"]
[PlyCount "57"]
[EventDate "2007.05.06"]
[EventType "swiss"]
[EventRounds "9"]
[EventCountry "ESP"]
[Source "lmi"]
[SourceDate "2007.05.06"]

1. e4 g6 2. d4 Bg7 3. Nc3 d6 4. Be3 Nd7 5. Qd2 a6 6. Bc4 h6 7. a4 e6 8. Nge2
Ne7 9. O-O b6 10. h3 Bb7 11. Nf4 Nf8 12. d5 e5 13. Nd3 g5 14. a5 Nfg6 15. Nb4
bxa5 16. Rxa5 O-O 17. Nxa6 c5 18. Rfa1 Nh4 19. Nb5 Neg6 20. Kh2 Qd7 21. Bf1 f5
22. exf5 Rxf5 23. Nxc5 dxc5 24. Rxa8+ Bxa8 25. Rxa8+ Rf8 26. Rxf8+ Bxf8 27. d6
Kh7 28. Qd5 Nf5 29. Qc4 1-0

[Event "España ch Universitario 2007"]
[Site "Cartagena ESP"]
[Date "2007.05.09"]
[Round "6.8"]
[White "Fernandez Barrera, Victor"]
[Black "Pallardo Lozoya, Jose Vicente"]
[Result "0-1"]
[WhiteElo "2202"]
[BlackElo "2304"]
[PlyCount "100"]
[EventDate "2007.05.06"]
[EventType "swiss"]
[EventRounds "9"]
[EventCountry "ESP"]
[Source "lmi"]
[SourceDate "2007.05.06"]

1. e4 e6 2. d4 d5 3. Nc3 Bb4 4. Nge2 Nf6 5. e5 Nfd7 6. a3 Be7 7. Nf4 c5 8. Nh5
g6 9. Ng7+ Kf8 10. Bh6 Kg8 11. Qg4 cxd4 12. Nxe6 Nb6 13. Nxd8 Bxg4 14. Nxb7
dxc3 15. bxc3 Nc6 16. f4 Rb8 17. Nd6 Bf8 18. Bg5 h6 19. Bf6 Bg7 20. h3 Bd7 21.
a4 Bxf6 22. exf6 Kh7 23. a5 Nc8 24. Nb5 Re8+ 25. Kf2 Re4 26. g3 Ne5 27. Nd4 Nc4
28. Bxc4 dxc4 29. Rab1 Rxb1 30. Rxb1 Nd6 31. a6 Re8 32. Rb4 Bc8 33. g4 g5 34.
fxg5 hxg5 35. Nc6 Bxa6 36. Nxa7 Bb7 37. Rb6 Rd8 38. Ke3 Kg6 39. Kf2 Be4 40. Kg3
Bd5 41. h4 Ne4+ 42. Kh3 gxh4 43. Nc6 Bxc6 44. Rxc6 Nd6 45. Kxh4 Kxf6 46. g5+
Ke5 47. Kg4 Ke4 48. Rc5 Re8 49. Rc6 Re6 50. Kh5 Ke3 0-1

[Event "España ch Universitario 2007"]
[Site "Cartagena ESP"]
[Date "2007.05.09"]
[Round "6.9"]
[White "Piay Augusto, Diego"]
[Black "Lara Lopez, Jose"]
[Result "1/2-1/2"]
[WhiteElo "2251"]
[BlackElo "2173"]
[PlyCount "140"]
[EventDate "2007.05.06"]
[EventType "swiss"]
[EventRounds "9"]
[EventCountry "ESP"]
[Source "lmi"]
[SourceDate "2007.05.06"]

1. e4 e6 2. d4 d5 3. exd5 exd5 4. Nf3 Bd6 5. Bd3 Ne7 6. O-O Bg4 7. c3 Nbc6 8.
b4 a6 9. a4 Ng6 10. Re1+ Nce7 11. h3 Bd7 12. Ne5 O-O 13. Qh5 Be8 14. Nd2 f6 15.
Nb3 c6 16. Nxg6 Bxg6 17. Bxg6 Nxg6 18. Bd2 Qc7 19. Re2 Rfe8 20. Rae1 Qf7 21. g3
Qd7 22. Kg2 Rxe2 23. Qxe2 Kf7 24. Qh5 Re8 25. Rxe8 Qxe8 26. Qf3 Qe6 27. h4 Ne7
28. Na5 b6 29. Nb3 Qf5 30. Qxf5 Nxf5 31. a5 Bc7 32. Bf4 Bd8 33. Bb8 bxa5 34.
bxa5 Be7 35. Ba7 Ba3 36. Bc5 Bb2 37. Bb4 Ke8 38. Nc5 Nd6 39. Nxa6 Nb5 40. Nc5
Bxc3 41. Bxc3 Nxc3 42. Kf3 Nb5 43. Ke3 Ke7 44. a6 Kd6 45. h5 Ke7 46. Kf4 Kd6
47. Ke3 Ke7 48. g4 Kd6 49. f3 Ke7 50. f4 g6 51. h6 Kd6 52. f5 gxf5 53. gxf5 Kc7
54. Ne6+ Kb6 55. Nf8 Nd6 56. Kf4 Nf7 57. Nxh7 Nxh6 58. Nxf6 Kxa6 59. Nd7 Kb5
60. f6 Kc4 61. Ne5+ Kxd4 62. Nxc6+ Kc5 63. Kg5 Nf7+ 64. Kg6 Nd6 65. Nd8 Kb6 66.
Ne6 Kc6 67. Nd4+ Kd7 68. Nb5 Nc4 69. Kf5 Ne3+ 70. Kg6 Ng4 1/2-1/2

[Event "España ch Universitario 2007"]
[Site "Cartagena ESP"]
[Date "2007.05.09"]
[Round "6.11"]
[White "Garrido Dominguez, Jesus"]
[Black "Burguete Archel, Eduardo"]
[Result "1-0"]
[WhiteElo "2347"]
[BlackElo "2161"]
[PlyCount "45"]
[EventDate "2007.05.06"]
[EventType "swiss"]
[EventRounds "9"]
[EventCountry "ESP"]
[Source "lmi"]
[SourceDate "2007.05.06"]

1. e4 e5 2. Nf3 Nc6 3. Bb5 a6 4. Bxc6 dxc6 5. h3 Qf6 6. d3 Ne7 7. Nbd2 Ng6 8.
Nc4 Bd6 9. g3 h6 10. Bd2 O-O 11. Ne3 Ne7 12. g4 Ng6 13. Nf5 c5 14. g5 hxg5 15.
Bxg5 Qe6 16. Rg1 c4 17. Be3 Qf6 18. Bg5 Qe6 19. h4 cxd3 20. cxd3 Bb4+ 21. Kf1
Bd7 22. a3 Bd6 23. h5 1-0

[Event "España ch Universitario 2007"]
[Site "Cartagena ESP"]
[Date "2007.05.09"]
[Round "6.12"]
[White "Perez Candelario, Manuel"]
[Black "Cruz Alvarez de Ron, Dan"]
[Result "1-0"]
[WhiteElo "2511"]
[BlackElo "2194"]
[PlyCount "127"]
[EventDate "2007.05.06"]
[EventType "swiss"]
[EventRounds "9"]
[EventCountry "ESP"]
[Source "lmi"]
[SourceDate "2007.05.06"]

1. e4 g6 2. d4 Bg7 3. Nf3 d6 4. Bc4 e6 5. Nc3 Ne7 6. O-O a6 7. a4 b6 8. Re1 Bb7
9. Ba2 Nd7 10. Qe2 O-O 11. Bf4 h6 12. Rad1 g5 13. Bc1 Ng6 14. h3 Qe7 15. Qd3
Rad8 16. Ne2 Nf6 17. Ng3 Nf4 18. Qb3 Rfe8 19. a5 b5 20. c4 c6 21. e5 dxe5 22.
dxe5 Rxd1 23. Qxd1 Nd7 24. Bxf4 gxf4 25. Nh5 c5 26. cxb5 axb5 27. Nxg7 Kxg7 28.
Bb1 c4 29. a6 Bd5 30. Be4 Nb6 31. Nd4 Ra8 32. Qd2 Rxa6 33. Qxf4 Qg5 34. Qxg5+
hxg5 35. Nxb5 Ra2 36. Bxd5 exd5 37. Rb1 Kg6 38. g4 Ra5 39. Nd4 Nd7 40. Re1 Ra2
41. e6 fxe6 42. Rxe6+ Nf6 43. Rb6 Ra1+ 44. Kg2 Rd1 45. Nf3 Rb1 46. Ne5+ Kg7 47.
Rb7+ Kg8 48. Nc6 Kf8 49. h4 gxh4 50. g5 Nh5 51. Rh7 Nf4+ 52. Kf3 Ng6 53. Kg4
Kg8 54. Rb7 c3 55. Rb8+ Kf7 56. bxc3 Rxb8 57. Nxb8 Ke7 58. Nc6+ Kd6 59. Nd4 Kc5
60. Nf3 h3 61. Kxh3 Kc4 62. Kg4 Kxc3 63. Kf5 Nf8 64. Ne5 1-0

[Event "España ch Universitario 2007"]
[Site "Cartagena ESP"]
[Date "2007.05.09"]
[Round "6.13"]
[White "Gimeno Higueras, Roberto"]
[Black "Alcazar Jimenez, Victor"]
[Result "0-1"]
[WhiteElo "2198"]
[BlackElo "2423"]
[PlyCount "68"]
[EventDate "2007.05.06"]
[EventType "swiss"]
[EventRounds "9"]
[EventCountry "ESP"]
[Source "lmi"]
[SourceDate "2007.05.06"]

1. e4 c5 2. c3 g6 3. Nf3 Bg7 4. Bc4 e6 5. Qe2 Nc6 6. O-O Nge7 7. d3 O-O 8. Rd1
d5 9. Bb3 Qc7 10. Bg5 b6 11. Bh4 d4 12. Bg3 Qd7 13. Ba4 dxc3 14. bxc3 Nd4 15.
cxd4 Qxa4 16. Be5 cxd4 17. Nbd2 Nc6 18. Bxg7 Kxg7 19. Nc4 Ba6 20. Qb2 Rfd8 21.
Rdc1 Rac8 22. Qd2 Nb4 23. Nfe5 Rc5 24. Qf4 Qe8 25. Ng4 f5 26. Qh6+ Kh8 27. Nf6
Qf7 28. e5 Nxd3 29. Nd6 Rxd6 30. Rxc5 Nxc5 31. Nxh7 Qg7 32. Qg5 Ne4 33. Qf4 Rc6
34. f3 g5 0-1

[Event "España ch Universitario 2007"]
[Site "Cartagena ESP"]
[Date "2007.05.09"]
[Round "6.14"]
[White "Gonzalez Menendez, Ivan"]
[Black "Pita-Romero Rodriguez, Rafael"]
[Result "1-0"]
[WhiteElo "2401"]
[BlackElo "2135"]
[PlyCount "61"]
[EventDate "2007.05.06"]
[EventType "swiss"]
[EventRounds "9"]
[EventCountry "ESP"]
[Source "lmi"]
[SourceDate "2007.05.06"]

1. e4 e5 2. Nf3 Nc6 3. d4 exd4 4. Nxd4 Bc5 5. Be3 Qf6 6. Nb5 Bxe3 7. fxe3 Qh4+
8. g3 Qxe4 9. Nxc7+ Kd8 10. Nxa8 Qxh1 11. Qd6 Nge7 12. Nd2 Nf5 13. Qc7+ Ke7 14.
Qf4 d5 15. g4 Nh6 16. O-O-O Bxg4 17. Qc7+ Kf6 18. Qd6+ Kg5 19. Qf4+ Kh5 20. Bg2
Qxg2 21. Nf3 f6 22. Rxd5+ Nf5 23. Rxf5+ Bxf5 24. Qxf5+ Kh6 25. Qf4+ g5 26.
Qxf6+ Kh5 27. Nd4 g4 28. Qxh8 Nxd4 29. Qxd4 Qxh2 30. Qd5+ Kh4 31. b3 1-0

[Event "España ch Universitario 2007"]
[Site "Cartagena ESP"]
[Date "2007.05.09"]
[Round "6.15"]
[White "Villar Nieves, Antonio"]
[Black "Garcia Castro, Pablo"]
[Result "1/2-1/2"]
[WhiteElo "2183"]
[BlackElo "2379"]
[PlyCount "52"]
[EventDate "2007.05.06"]
[EventType "swiss"]
[EventRounds "9"]
[EventCountry "ESP"]
[Source "lmi"]
[SourceDate "2007.05.06"]

1. d4 d6 2. Nf3 g6 3. Bf4 Bg7 4. c3 Nf6 5. h3 O-O 6. Nbd2 Nbd7 7. e3 Re8 8. Bc4
e6 9. O-O a6 10. a4 b6 11. b4 Bb7 12. Qb3 Qe7 13. Bh2 h6 14. Rac1 Nh7 15. Bd3
Rac8 16. c4 Ng5 17. Nxg5 Qxg5 18. Be4 Bxe4 19. Nxe4 Qe7 20. Rc2 f5 21. Nd2 Kh7
22. Qd3 e5 23. Nb3 Nf6 24. dxe5 dxe5 25. c5 Red8 26. Qc4 Rd7 1/2-1/2

[Event "España ch Universitario 2007"]
[Site "Cartagena ESP"]
[Date "2007.05.09"]
[Round "6.16"]
[White "Lopez Del Alamo, Antonio"]
[Black "Perez Mauricio, Xoel"]
[Result "1-0"]
[WhiteElo "2289"]
[BlackElo "2120"]
[PlyCount "81"]
[EventDate "2007.05.06"]
[EventType "swiss"]
[EventRounds "9"]
[EventCountry "ESP"]
[Source "lmi"]
[SourceDate "2007.05.06"]

1. d4 d6 2. e4 Nf6 3. Nc3 e5 4. Nf3 Nbd7 5. Bc4 Be7 6. a4 O-O 7. O-O c6 8. Re1
Qc7 9. h3 b6 10. Be3 Bb7 11. Ba2 a6 12. Nh4 Rfe8 13. Nf5 Bf8 14. g4 exd4 15.
Bxd4 g6 16. Ng3 Re7 17. g5 Ne8 18. h4 Bg7 19. h5 Ne5 20. Kg2 d5 21. h6 Bf8 22.
exd5 c5 23. Bxe5 Rxe5 24. Qd2 Bd6 25. Nce4 Rd8 26. c4 Bc8 27. Nxd6 Qxd6 28. Qc3
f6 29. Ne4 Rxe4 30. Rxe4 Bf5 31. Re3 Qf4 32. Rae1 Qxg5+ 33. Rg3 Qxh6 34. a5 Nd6
35. Qxf6 Rd7 36. axb6 Qf4 37. b7 Rxb7 38. Qd8+ Kf7 39. Bb1 Ne4 40. Bxe4 Bxe4+
41. Rxe4 1-0

[Event "España ch Universitario 2007"]
[Site "Cartagena ESP"]
[Date "2007.05.09"]
[Round "6.17"]
[White "Alcazar Jimenez, Jesus Alberto"]
[Black "Gonzalez Merino, Francisco"]
[Result "1-0"]
[WhiteElo "2274"]
[BlackElo "2159"]
[PlyCount "45"]
[EventDate "2007.05.06"]
[EventType "swiss"]
[EventRounds "9"]
[EventCountry "ESP"]
[Source "lmi"]
[SourceDate "2007.05.06"]

1. e4 e6 2. d4 d5 3. exd5 exd5 4. c4 Nf6 5. Nc3 Be7 6. Nf3 O-O 7. cxd5 Nxd5 8.
Bc4 Bb4 9. Qb3 Qe7+ 10. Ne5 Nb6 11. O-O Nxc4 12. Nd5 Qd6 13. Qxc4 Be6 14. Qxb4
Qxd5 15. Be3 Nd7 16. Nd3 Qe4 17. Nf4 Bf5 18. Rfe1 c5 19. Qd2 Rad8 20. d5 g5 21.
Nh5 Qg4 22. Ng3 Nf6 23. h3 1-0

[Event "España ch Universitario 2007"]
[Site "Cartagena ESP"]
[Date "2007.05.09"]
[Round "6.19"]
[White "Rada Equiza, Miguel"]
[Black "Pazos Porta, Antonio"]
[Result "1-0"]
[WhiteElo "2261"]
[BlackElo "2129"]
[PlyCount "65"]
[EventDate "2007.05.06"]
[EventType "swiss"]
[EventRounds "9"]
[EventCountry "ESP"]
[Source "lmi"]
[SourceDate "2007.05.06"]

1. e4 c5 2. Nf3 e6 3. d4 cxd4 4. Nxd4 a6 5. c4 Nf6 6. Nc3 Bb4 7. Qc2 Qc7 8. Be2
Nc6 9. Nf3 Ne5 10. Nxe5 Qxe5 11. O-O h5 12. a3 Ng4 13. g3 Bc5 14. Bf4 Qf6 15.
e5 Nxe5 16. Ne4 Qf5 17. Bxe5 Qxe5 18. Nxc5 Qxc5 19. b4 Qc7 20. Qb2 Kf8 21. Bf3
Rb8 22. Rfd1 b6 23. Qd4 Bb7 24. Bxb7 Rxb7 25. Rd3 h4 26. gxh4 Rh5 27. Re1 d5
28. Rg3 Qxc4 29. Qxg7+ Ke7 30. Rxe6+ Kxe6 31. Re3+ Qe4 32. Rxe4+ dxe4 33. Qg4+
1-0

[Event "España ch Universitario 2007"]
[Site "Cartagena ESP"]
[Date "2007.05.09"]
[Round "6.20"]
[White "Perez De Miguel, Alvaro"]
[Black "Paredes Cordo, Jacobo Borja"]
[Result "1-0"]
[WhiteElo "2098"]
[BlackElo "2211"]
[PlyCount "179"]
[EventDate "2007.05.06"]
[EventType "swiss"]
[EventRounds "9"]
[EventCountry "ESP"]
[Source "lmi"]
[SourceDate "2007.05.06"]

1. d4 f5 2. Nc3 d5 3. Bg5 Be6 4. e3 Qd7 5. Nf3 Nf6 6. Ne5 Qc8 7. Bxf6 exf6 8.
Nd3 Nc6 9. Qf3 Qd7 10. O-O-O O-O-O 11. Nf4 Bf7 12. Bb5 Bb4 13. Nd3 Bxc3 14.
bxc3 Qd6 15. Nc5 Ne7 16. Kd2 Be8 17. Bd3 g6 18. Rb1 Bc6 19. Rb3 b6 20. Ba6+ Kb8
21. Qe2 Ka8 22. Nd3 Rb8 23. Rhb1 Ba4 24. Rb4 Bd7 25. g3 Nc6 26. R4b2 Na5 27.
Nf4 c6 28. Bd3 Rhe8 29. Qf3 Rb7 30. h3 Bc8 31. g4 Rbe7 32. Rb4 fxg4 33. hxg4
Rf8 34. Ra1 Bb7 35. Rb2 c5 36. Rg1 Rc8 37. Qg3 cxd4 38. exd4 Qa3 39. Rb3 Nxb3+
40. axb3 Rec7 41. Ne2 Re7 42. Qf3 Qd6 43. Ra1 Rce8 44. Bb5 Bc6 45. Bd3 Kb8 46.
Nf4 Rf8 47. Rh1 a5 48. Ra1 Kb7 49. Ng2 Ra8 50. Ne3 b5 51. Qe2 Kb6 52. Qf1 Qf4
53. Qg2 Rae8 54. Re1 a4 55. bxa4 bxa4 56. Rb1+ Kc7 57. Kd1 a3 58. Ra1 Qd6 59.
Qf3 Ra8 60. Ra2 Ree8 61. Qh3 Re7 62. Qf3 Rb8 63. Kc1 Kd8 64. g5 fxg5 65. Ng4
Kc7 66. Ne5 Re6 67. Qh3 h5 68. Kd2 Rf8 69. Qg3 Ref6 70. Rxa3 Rxf2+ 71. Ke1 R2f4
72. Ra7+ Kb8 73. Ra6 Re8 74. Qxg5 Rf6 75. Kd1 Rc8 76. Bb5 Qe7 77. Qg3 Bxb5 78.
Nc6+ Kb7 79. Ra7+ Kxc6 80. Rxe7 Kb6 81. Kc1 Rfc6 82. Re3 Rf8 83. Qe5 Rf1+ 84.
Re1 Rf3 85. Re3 Rf1+ 86. Re1 Rf3 87. Qb8+ Ka5 88. Kd2 Rc4 89. Qa7+ Ba6 90. Ra1+
1-0

[Event "España ch Universitario 2007"]
[Site "Cartagena ESP"]
[Date "2007.05.09"]
[Round "6.21"]
[White "Antoli Royo, Joaquin Miguel"]
[Black "Gomez Olivares, Alejandro"]
[Result "1-0"]
[WhiteElo "2356"]
[BlackElo "1979"]
[PlyCount "69"]
[EventDate "2007.05.06"]
[EventType "swiss"]
[EventRounds "9"]
[EventCountry "ESP"]
[Source "lmi"]
[SourceDate "2007.05.06"]

1. e4 c5 2. Nf3 Nc6 3. Bb5 e6 4. Bxc6 bxc6 5. d3 Ne7 6. O-O Ng6 7. c3 Be7 8. d4
cxd4 9. cxd4 d5 10. Nc3 O-O 11. Re1 Rb8 12. a3 a5 13. Qc2 c5 14. Be3 c4 15.
Rad1 Re8 16. Bc1 Bb7 17. e5 Bc6 18. g3 Rb7 19. h4 h6 20. Nh2 Bf8 21. f4 Be7 22.
Rf1 Bd7 23. f5 exf5 24. Nxd5 Be6 25. Ne3 f4 26. gxf4 Nxh4 27. d5 Bh3 28. d6 Bf8
29. Rf2 Rb3 30. Qxc4 Qb6 31. Rd3 Rc8 32. Rxb3 Rxc4 33. Rxb6 Rxc1+ 34. Nhf1 g6
35. Rc2 1-0

[Event "España ch Universitario 2007"]
[Site "Cartagena ESP"]
[Date "2007.05.09"]
[Round "6.23"]
[White "Ruiz Maraña, Alejandro"]
[Black "Navarro Cia, Miguel"]
[Result "1-0"]
[WhiteElo "2134"]
[BlackElo "2338"]
[PlyCount "59"]
[EventDate "2007.05.06"]
[EventType "swiss"]
[EventRounds "9"]
[EventCountry "ESP"]
[Source "lmi"]
[SourceDate "2007.05.06"]

1. d4 f5 2. Nc3 Nf6 3. Bg5 d5 4. f4 e6 5. e3 b6 6. Nf3 Ba6 7. Bd3 c5 8. O-O Be7
9. Ne5 O-O 10. a4 Qc7 11. Nb5 Bxb5 12. axb5 c4 13. Be2 Bd6 14. b3 cxb3 15. cxb3
Bxe5 16. Rc1 Qb7 17. fxe5 Ne4 18. Bh4 a6 19. g4 axb5 20. gxf5 exf5 21. Bxb5 Ra5
22. Qe2 Qf7 23. Be1 Qg6+ 24. Kh1 Qh6 25. Bd3 Nc6 26. Bxe4 Nxd4 27. exd4 Qxc1
28. Bxa5 Qc6 29. Bxf5 bxa5 30. Bxh7+ 1-0

[Event "España ch Universitario 2007"]
[Site "Cartagena ESP"]
[Date "2007.05.09"]
[Round "6.24"]
[White "Camacho Collados, Jose"]
[Black "Carreras Solana, Fernando"]
[Result "1-0"]
[WhiteElo "2308"]
[BlackElo "2132"]
[PlyCount "39"]
[EventDate "2007.05.06"]
[EventType "swiss"]
[EventRounds "9"]
[EventCountry "ESP"]
[Source "lmi"]
[SourceDate "2007.05.06"]

1. Nf3 d5 2. g3 c6 3. Bg2 Bg4 4. c4 Nf6 5. cxd5 Qxd5 6. Nc3 Qa5 7. b4 Qc7 8. d4
e6 9. Rb1 Nbd7 10. O-O Bd6 11. b5 c5 12. b6 Nxb6 13. Nb5 Qe7 14. Ba3 Nfd7 15.
dxc5 Bxc5 16. Nc7+ Kf8 17. Bxc5 Nxc5 18. Nxa8 Nxa8 19. Ne5 Bf5 20. Rc1 1-0

[Event "España ch Universitario 2007"]
[Site "Cartagena ESP"]
[Date "2007.05.09"]
[Round "6.25"]
[White "Gonzalez Diez, Ruben"]
[Black "Perez Lopez, Jesus Maria"]
[Result "1-0"]
[WhiteElo "2115"]
[BlackElo "2261"]
[PlyCount "124"]
[EventDate "2007.05.06"]
[EventType "swiss"]
[EventRounds "9"]
[EventCountry "ESP"]
[Source "lmi"]
[SourceDate "2007.05.06"]

1. d4 d5 2. Nf3 c6 3. c4 Nf6 4. Nc3 dxc4 5. a4 Na6 6. e4 Bg4 7. Bxc4 e6 8. O-O
Nb4 9. a5 Be7 10. Be3 O-O 11. Qb3 Bxf3 12. gxf3 b5 13. axb6 axb6 14. Rad1 Qb8
15. Be2 Ra5 16. f4 Nh5 17. e5 g6 18. f5 exf5 19. Bxh5 gxh5 20. Bh6 Rd8 21. Nd5
Bg5 22. Nf6+ Bxf6 23. exf6 Nd5 24. Kh1 Nxf6 25. Rg1+ Ng4 26. Rg2 Qd6 27. Bg5
Qd5 28. Qg3 Rda8 29. f3 Ra1 30. Bc1 Re8 31. h3 Re6 32. hxg4 hxg4 33. fxg4 fxg4
34. Qb8+ Kg7 35. Qf4 h5 36. Rf1 Rg6 37. Qe5+ Qxe5 38. dxe5 Ra7 39. Kh2 Re7 40.
Rf5 h4 41. Bg5 g3+ 42. Kh3 Rc7 43. Bxh4 c5 44. Bf6+ Kf8 45. Rd2 Rc8 46. Rh5 Rg8
47. Rh7 Ke8 48. e6 fxe6 49. Rdd7 Rg6 50. Rde7+ Kf8 51. Ref7+ Ke8 52. Re7+ Kf8
53. Rh8+ Rg8 54. Rxg8+ Kxg8 55. Rxe6 Kf7 56. Rxb6 Rg8 57. Kg2 Rg4 58. Be5 Ke8
59. Bxg3 Kd7 60. Kf3 Rd4 61. Be5 Ra4 62. Rd6+ Ke7 1-0

[Event "España ch Universitario 2007"]
[Site "Cartagena ESP"]
[Date "2007.05.09"]
[Round "6.26"]
[White "Rodriguez Fontecha, Marcos"]
[Black "Mengual Bolo, Carlos"]
[Result "1-0"]
[WhiteElo "2241"]
[BlackElo "2145"]
[PlyCount "43"]
[EventDate "2007.05.06"]
[EventType "swiss"]
[EventRounds "9"]
[EventCountry "ESP"]
[Source "lmi"]
[SourceDate "2007.05.06"]

1. e4 c5 2. Nf3 d6 3. d4 cxd4 4. Nxd4 Nf6 5. Nc3 g6 6. Be3 Bg7 7. f3 O-O 8. Qd2
Nc6 9. O-O-O Nxd4 10. Bxd4 Be6 11. Kb1 a6 12. h4 b5 13. h5 Nxh5 14. Bxg7 Kxg7
15. g4 b4 16. Nd5 Bxd5 17. exd5 Nf6 18. Qh6+ Kh8 19. g5 Nh5 20. Rxh5 gxh5 21.
Bd3 f5 22. g6 1-0